000 00398nam a22001697a 4500
003 OSt
005 20220103095915.0
008 220103b |||||||| |||| 00| 0 eng d
020 _a9780393913330
040 _cHU
082 _23th
_a808.8
100 _aNORTON
_926791
245 _aTHE NORTON ANTHOLOGY OF WORLD LITERATURE
260 _aUSA
_bhall
_c2010
300 _a947
942 _2ddc
_cBOOKS
_n0
999 _c25719
_d25719